An Introduction to ecological economics / (Registro nro. 2728)
[ vista simple ]
| 000 -CABECERA | |
|---|---|
| Campo de control | 01237cam a2200289 a 4500 |
| 005 - FECHA Y HORA DE LA ULTIMA TRANSACCION | |
| Campo de control | 20191224041648.0 |
| 008 - ELEMENTOS DE LONGITUD FIJA—INFORMACION GENERAL | |
| Campo de control | 970919t1997 flua grb 001 0 eng d |
| 020 ## - ISBN | |
| ISBN | 1884015727 (acidfree paper) |
| 040 ## - FUENTE DE CATALOGACIÓN | |
| Agencia catalogadora original | KyLxTI |
| Agencia transcriptora | KyLxTI |
| Agencia Modificadora | DLC |
| -- | CO-BoIAVH |
| 041 ## - IDIOMA | |
| Código de idioma para texto/pista de sonido o título separado | Inglés |
| 042 ## - AUTHENTICATION CODE | |
| Authentication code | lccopycat |
| 082 00 - NUMERO DE CLASIFICACION DECIMAL DEWEY | |
| Número de clasificación | 333.7 |
| Número del ítem | I61a |
| 245 03 - MENCION DE TITULO | |
| Título | An Introduction to ecological economics / |
| Mención de responsabilidad | Robert Costanza ... [et al.]. |
| 246 30 - FORMA VARIANTE DEL TITULO | |
| Título propiamente dicho/forma breve del título | Ecological economics |
| 260 ## - PUBLICACION, DISTRIBUCION, ETC. (PIE DE IMPRENTA) | |
| Lugar de publicación, distribución, etc. | Boca Raton, Fla. : |
| Nombre del editor, distribuidor, etc. | St. Lucie Press ; |
| Lugar de publicación, distribución, etc. | [s.l.] : |
| Nombre del editor, distribuidor, etc. | International Society for Ecological Economics, |
| Fecha de publicación, distribución, etc. | c1997. |
| 300 ## - DESCRIPCION FISICA | |
| Extensión | xii, 275 p. : |
| Otros detalles físicos | ill. ; |
| Dimensiones | 24 cm. |
| 504 ## - NOTA DE BIBLIOGRAFIA, ETC. | |
| Nota de bibliografía | Includes bibliographical references (p. 243-265) and index. |
| 650 #0 - ASIENTO SECUNDARIO DE MATERIA - TERMINO TEMATICO | |
| Término temático o nombre geográfico como elemento de entrada | Economic development |
| Subdivisión general | Environmental aspects. |
| 650 #0 - ASIENTO SECUNDARIO DE MATERIA - TERMINO TEMATICO | |
| Término temático o nombre geográfico como elemento de entrada | Desarrollo economico |
| Subdivisión general | Aspectos ambientales |
| 650 #0 - ASIENTO SECUNDARIO DE MATERIA - TERMINO TEMATICO | |
| Término temático o nombre geográfico como elemento de entrada | Environmental economics. |
| 700 1# - ASIENTO SECUNDARIO - NOMBRE PERSONAL | |
| Nombre personal | Costanza, Robert. |
| 710 2# - ASIENTO SECUNDARIO - NOMBRE CORPORATIVO | |
| Nombre corporativo o de jurisdicción como elemento de entrada | International Society for Ecological Economics. |
| 856 7# - LOCALIZACION Y ACCESO ELECTRONICOS | |
| Especificación de los materiales | Table of contents |
| Identificador Uniforme del Recurso | http://lcweb.loc.gov/catdir/toc/97-204572.html |
| Método de acceso | http |
| 856 42 - LOCALIZACION Y ACCESO ELECTRONICOS | |
| Especificación de los materiales | Publisher description |
| Identificador Uniforme del Recurso | http://www.loc.gov/catdir/enhancements/fy0744/97204572-d.html |
| 942 ## - ELEMENTOS ADICIONALES (KOHA) | |
| Sistema de clasificación | Dewey Decimal Classification |
| Tipo de ítem | Libro |
| Withdrawn status | Lost status | Sistema de Clasificación | Damaged status | No para préstamo | Colección | Inventariado | Ubicación Permanente | Ubicación actual | Fecha de adquisición | Fuente de Valor | Valor | Total Checkouts | Número topográfico | Inventario / Código de Barras | Date last seen | Ejemplar | Price effective from | Forma de adquisición | Tipo de material |
|---|---|---|---|---|---|---|---|---|---|---|---|---|---|---|---|---|---|---|---|
| Dewey Decimal Classification | General | Inventariado 2017 | Bogotá | Bogotá | 14/06/2002 | Instituto | 39000.00 | LB-333.7 I61a | 004928 | 04/12/2012 | Ej. 1 | 04/12/2012 | Compra | Libro |